Nové trendy v IKT

Moderné informačno-komunikačné technlógie (IKT) dnes už ako neodmysliteľná súčasť života každej spoločnosti. Informácie, informačný šum, znalosti a informačný systém (IS). Typy IS z hľadiska organizácie a účelu v organizácii, čo je aj najčastejšie miesto ich naimplementovania. Operačný a manažérsky...

Descrizione completa

Salvato in:
Dettagli Bibliografici
Autore principale: Dugas, Jaroslav, 1967-
Altri autori: Závadský, Cyril, 1971-
Natura: Capitolo di libro
Lingua:slovacco
Soggetti:
Tags: Aggiungi Tag
Nessun Tag, puoi essere il primo ad aggiungerne!!

MARC

LEADER 00000naa$a2200000$$$4500
001 0248732
005 20240502073958.5
041 0 |a slo 
044 |a SK 
245 1 0 |a Nové trendy v IKT  |c Jaroslav Dugas, Cyril Závadský 
520 |a Moderné informačno-komunikačné technlógie (IKT) dnes už ako neodmysliteľná súčasť života každej spoločnosti. Informácie, informačný šum, znalosti a informačný systém (IS). Typy IS z hľadiska organizácie a účelu v organizácii, čo je aj najčastejšie miesto ich naimplementovania. Operačný a manažérsky IS. Kvalita IKT. Udržiavanie IKT. 
610 2 0 |a technológie informačné 
610 2 0 |a technológie komunikačné 
610 2 0 |a systémy informačné 
610 2 0 |a systémy informačné manažérske 
610 2 0 |a systémy informačné podnikové 
610 2 0 |a dáta 
610 2 0 |a kvalita 
100 1 |a Dugas, Jaroslav, 1967- 
700 1 |a Závadský, Cyril, 1971-